Κατάλογος Βιβλιοθηκών Mediterranean College

Η Αποκλειστική Οικονομική Ζώνη και το Διεθνές Δικαιο (Record no. 6440)

MARC details
000 -LEADER
fixed length control field 02270cam a22001934a 4500
005 - ΗΜΕΡΟΜΗΝΙΑ ΚΑΙ ΩΡΑ ΤΕΛΕΥΤΑΙΑΣ ΕΝΗΜΕΡΩΣΗΣ
Πεδίο ελέγχου 20250605164242.0
008 - FIXED-LENGTH DATA ELEMENTS--GENERAL INFORMATION
Πεδίο ελέγχου σταθερού μήκους 250528s ||||||||||||||||||||||||d
035 ## - SYSTEM CONTROL NUMBER
System control number 21377
020 ## - ISBN
ISBN 9789600229134
040 ## - ΠΗΓΗ ΚΑΤΑΛΟΓΟΓΡΑΦΗΣΗΣ
Φορέας πρωτότυπης καταλογογράφησης MC Athens Campus Library
Γλώσσα καταλογογράφησης Ελληνικά, Μοντέρνα (1453-)
Modifying agency MC Athens Campus Library
Κανόνες περιγραφικής καταλογογράφησης AACR2
245 1# - ΤΙΤΛΟΣ ΚΑΙ ΔΗΛΩΣΗ ΥΠΕΥΘΥΝΟΤΗΤΑΣ
Τίτλος Η Αποκλειστική Οικονομική Ζώνη και το Διεθνές Δικαιο
260 ## - PUBLICATION, DISTRIBUTION, ETC.
Name of publisher, distributor, etc. Παπαζήση,
Date of publication, distribution, etc. 2013
300 ## - PHYSICAL DESCRIPTION
Extent 143
520 ## - SUMMARY, ETC.
Summary, etc. Το παρόν βιβλίο είναι καρπός μιας απόφασης για την ανάγκη ενημέρωσης όσων χρησιμοποιούν στην πράξη το Διεθνές Δίκαιο, αλλά και όσων με ευκολία το φέρουν στα χείλη τους χωρίς ιδιαίτερους δισταγμούς. Πρόλογος, Η Αποκλειστική Οικονομική Ζώνη, Εισαγωγή, Θεσμοθέτηση της ΑΟΖ και η Νομική Φύση της, Η Κήρυξη της ΑΟΖ και η Οριοθέτηση της, Η Ελληνική Περίπτωση, Ορισμένες Καταληκτικές Σκέψεις, Η Εφαρμογή του Διεθνούς Δικαίου της Θάλασσας ως Συμβατικό και ως Εθιμικό Δίκαιο, Εισαγωγή, Η Σχέση Εθίμου και Συμβάσεων, Η Σύμβαση για το Δίκαιο της Θάλασσας και το Εθιμικό Δίκαιο, Το Εφαρμοστέο Δίκαιο στις Ελληνοτουρκικές Σχέσεις, Ορισμένες Καταληκτικές Σκέψεις, Η Αποκλειστική Οικονομική Ζώνη και το Διεθνές Δίκαιο, Η Στενή Αλληλεξάρτηση Διεθνούς Δικαίου και Διεθνούς Πολιτικής, Εισαγωγή, Η Δημιουργία του Διεθνούς Δικαίου από τη Διεθνή Πολιτική, Η Επίδραση του Διεθνούς Δικαίου στη Διεθνή Πολιτική, Ορισμένες Καταληκτικές Σκέψεις, Βιβλιογραφία, Χάρτες.
700 1# - ΠΡΟΣΘΕΤΗ ΑΝΑΓΡΑΦΗ--ΦΥΣΙΚΟ ΠΡΟΣΩΠΟ
Personal name Ροζάκης Χρήστος Λ
9 (RLIN) 7424
942 ## - ADDED ENTRY ELEMENTS (KOHA)
Koha item type Books
Holdings
Τύπος τεκμηρίου Βιβλιοθήκη Τρέχουσα τοποθεσία Barcode Αριθμός εισαγωγής Ημερομηνία απόκτησης Ταξιθετικό σύμβολο Αριθμός αντιτύπου Κατάσταση απόσυρσης Κατάσταση χαμένου Κατάσταση κατεστραμμένου Μη δανεισμός Σύνολο δανεισμών Ημερομηνία τελευταίας εμφάνισης Η τιμή ισχύει από
Books MC Athens Campus Library MC Athens Campus Library 9780000064394 5698 05/06/2025 341.45 ROZ 1           05/06/2025 05/06/2025

MC Athens Campus Library
Πατησίων 94 & Κοδριγκτώνος 13, 104 34
Πελλήνης 8 & Πατησίων 107, 112 51
Τ: +30 210 8899600

MC Thessaloniki Campus Library
Ίωνος Δραγούμη 21, 54625 | Ίωνος Δραγούμη 15, 54625
Τ: +30 2310 287779 – Τ: +30 2314 440300